| 000 | 00760cam a22002531 4500 | ||
|---|---|---|---|
| 001 | sa 65004545 | ||
| 003 | DLC | ||
| 005 | 20260227112131.0 | ||
| 008 | 750225s1961 xx 000 0 eng | ||
| 010 | _asa 65004545 | ||
| 035 | _a(OCoLC)1188334 | ||
| 040 |
_aDLC _cPPT _dDLC |
||
| 042 | _apremarc | ||
| 050 | 0 | 0 |
_aDS450.C5 _bC47 |
| 100 | 1 |
_aChakravarti, P. C. _q(Prithwis Chandra), _d1904-1969. |
|
| 245 | 1 | 0 |
_aIndia-China relations _c[by] P. C. Chakravarti. |
| 250 | _a1st ed. | ||
| 260 |
_aCalcutta, _bK. L. Mukhopadhyay, _c1961. |
||
| 300 |
_a195 p. _bmaps _c23 cm. |
||
| 504 | _aBibliography: p. [186]-189. | ||
| 651 | 0 |
_aIndia _xForeign relations _zChina. |
|
| 651 | 0 |
_aChina _xForeign relations _zIndia. |
|
| 650 | 0 | _aSino-Indian Border Dispute, 1957- | |
| 999 |
_c63813 _d63813 |
||